Truyện ngắn Nguyễn Công Hoan

Bewaard in:
Bibliografische gegevens
Hoofdauteur: Nguyễn Công Hoan (Tác giả)
Formaat: Boek
Taal:Vietnamese
Gepubliceerd in: H. Văn học 2007
Onderwerpen:
Tags: Voeg label toe
Geen labels, Wees de eerste die dit record labelt!
Thư viện lưu trữ: Mạng thư viện Đại học Đà Nẵng
LEADER 01074nam a2200337 4500
001 000005992
003 2145
005 20120416140450.0
008 110826s2007 viesd
020 |c 47000đ 
041 0 |a vie 
082 |a 895.9223  |b NG-H 
100 0 |a Nguyễn Công Hoan 
245 0 |a Truyện ngắn Nguyễn Công Hoan  |c Nguyễn Công Hoan 
260 |a H.  |b Văn học  |c 2007 
300 |a 385 tr  |c 21 cm 
653 |a Nguyễn Công Hoan 
653 |a Việt Nam 
653 |a Truyện ngắn 
700 |a Nguyễn Công Hoan  |e Tác giả 
910 |a Nguyễn Thị Kim Oanh  |d 26/08/2011 
OWN |a LSP 
AVA |a UDN50  |b LSP  |d 895.9223 NG-H  |e check_holdings  |t Error 5003 Not defined in file expand_doc_bib_avail.  |h N  |k 1 
999 |a From the UDN01 
AVA |a UDN50  |b LSP  |d 895.9223 NG-H  |e available  |t Error 5001 Not defined in file expand_doc_bib_avail.  |f 20  |g 0  |h N  |i 0  |k 1 
TYP |a Monograph 
TYP |a Printed language 
980 |a Mạng thư viện Đại học Đà Nẵng